| 000 | 00790 a2200181 4500 | ||
|---|---|---|---|
| 003 | Nust | ||
| 005 | 20221216121001.0 | ||
| 020 | _a0839141149 | ||
| 040 | _cNust | ||
| 082 | _a306.44,MIL | ||
| 100 |
_aMlroy , Lesley _9105061 |
||
| 245 |
_aLanguage And Socil Networks / _cLesley Milroy |
||
| 260 |
_aBritian _bUniversity Press |
||
| 300 | _a218:p | ||
| 505 | _aLanguage, Class and Community (Paeg-1), Obtaining Data in the Speech Community (Paeg-23), Studing Language in the Community (Paeg-40), The Social Context Of Speech Events (Paeg-70), The Quantitaive Analysis of Linguistic Data (Paeg-109), The Language of the Individual Speaker (Paeg-139), Conclusions and Theoretical Implications (Paeg-173). | ||
| 650 |
_aLanguage And Socil Networks _9105062 |
||
| 942 |
_2ddc _cBK _k306.44,MIL |
||
| 999 |
_c184711 _d184711 |
||